LDR 00728naa#a2200145#i#450# 001 RU\INFRA-M\bibl\14623 005 20260429035413.3 100 ## _a20250114b2025####ek#y0rusy0150####ca 102 ## _aRU 200 1# _aПРОБЛЕМА ОЦЕНКИ ЭФФЕКТИВНОСТИ ДЕЯТЕЛЬНОСТИ ПОРТОВ: ОГРАНИЧЕННОСТЬ ЦИФРОВЫХ ДАННЫХ _eСтатья/тезисы конференции 210 1# _aМосква _cОбщество с ограниченной ответственностью «Научно-издательский центр ИНФРА-М» _d2025 215 ## _a5 с. 608 ## _aСтатья/тезисы конференции _2local 700 #1 _aСамсонова _gН. А. 856 4# _anaukaru.ru _u